Cricket: Fastest Individual T20i Hundreds - Statistics

General Stats
  • This quiz has been taken 44 times
    33 since last reset
  • The average score is 13 of 20
Answer Stats
For Against Year Final Score Balls for 100 Answer % Correct
IND SL 2017 118 35 Rohit Sharma
97%
WI ENG 2016 100* 47 Chris Gayle
93%
WI SA 2007 117 50 Chris Gayle
93%
AUS ENG 2013 156 47 Aaron Finch
79%
AUS ZIM 2018 172 50 Aaron Finch
79%
PAK SA 2021 122 49 Babar Azam
79%
SA BAN 2017 101* 35 David Miller
76%
SA WI 2015 119 46 Faf du Plessis
76%
AUS SL 2016 145* 49 Glenn Maxwell
76%
NZ AUS 2010 116* 50 Brendon McCullum
69%
AFG IRE 2019 162* 42 Hazratullah Zazai
69%
NZ AUS 2018 105 49 Martin Guptill
69%
IND WI 2016 110* 46 KL Rahul
62%
WI IND 2016 100 48 Evin Lewis
52%
ENG NZ 2019 103* 48 Dawid Malan
48%
ENG PAK 2021 103 42 Liam Livingstone
48%
SCO NED 2019 127* 41 George Munsey
38%
NZ WI 2018 104 47 Colin Munro
34%
NZ WI 2020 108 46 Glenn Phillips
21%
SA NZ 2012 117* 45 Richard Levi
21%
No matching quizzes found
Score Distribution
Percent of People with Each Score
Percentile by Number Answered
Your Score History
You have not taken this quiz since the last reset